000
00341nam a2200145Ia 4500
008
090124s9999 xx 000 0 und d
082
_b
302369
245
_a
दणका
250
_a
1
260
_b
बांदोडकर व.पु.
_c
1990
300
_a
183
630
_a
दणका
730
_a
दणका
942
_c
BOOK
999
_c
192006
_d
192006